A modern introduction to logic / (Record no. 30525)
[ view plain ]
| 000 -LEADER | |
|---|---|
| fixed length control field | 00724nam a2200253 a 4500 |
| 001 - CONTROL NUMBER | |
| control field | 30525 |
| 003 - CONTROL NUMBER IDENTIFIER | |
| rucl marc code | BD-RjUL |
| 005 - DATE AND TIME OF LATEST TRANSACTION | |
| control field | 20211209051557.0 |
| 008 - FIXED-LENGTH DATA ELEMENTS--GENERAL INFORMATION | |
| fixed length control field | 140410s1961 1950 enka b 001 0 eng d |
| 035 ## - SYSTEM CONTROL NUMBER | |
| System control number | (BD-RjUL)30611 |
| 040 ## - CATALOGING SOURCE | |
| Original cataloging agency | BD-RjUL |
| Language of cataloging | eng |
| Transcribing agency | BD-RjUL |
| 041 ## - LANGUAGE CODE | |
| Language code of text/sound track or separate title | eng |
| 082 ## - DEWEY DECIMAL CLASSIFICATION NUMBER | |
| Classification number | 160 |
| Author mark and year | STM 1961 |
| 100 1# - MAIN ENTRY--PERSONAL NAME | |
| Personal name | Stebbing, L. Susan |
| Fuller form of name | (Lizzie Susan), |
| Dates associated with a name | 1885-1943. |
| 9 (RLIN) | 91481 |
| 245 12 - TITLE STATEMENT | |
| Title | A modern introduction to logic / |
| Statement of responsibility, etc. | by L.S. Stebbing |
| 250 ## - EDITION STATEMENT | |
| Edition statement | 7th ed |
| 260 ## - PUBLICATION, DISTRIBUTION, ETC. (IMPRINT) | |
| Place of publication, distribution, etc. | London : |
| Name of publisher, distributor, etc. | Methuen, |
| Date of publication, distribution, etc. | 1950 [Reprinted 1961] |
| 300 ## - PHYSICAL DESCRIPTION | |
| Pagination | xxi, 525 p. : |
| Illustrations | ill. ; |
| Size | 23 cm |
| 504 ## - BIBLIOGRAPHY, ETC. NOTE | |
| Bibliography, etc | Bibliography: p. 512-514 |
| Bibliography, etc | Includes index |
| 650 #0 - SUBJECT ADDED ENTRY--TOPICAL TERM | |
| Topical term or geographic name as entry element | Logic |
| 9 (RLIN) | 92746 |
| 942 ## - ADDED ENTRY ELEMENTS (KOHA) | |
| Source of classification or shelving scheme | Dewey Decimal Classification |
| Koha item type | Books |
| Lost status | Source of classification or shelving scheme | Damaged status | Not for loan | Collection code | Permanent Location | Current Location | Shelving location | Date acquired | Source of acquisition | Cost, normal purchase price | Total Checkouts | Full call number | Date last seen | Copy number | Koha item type | Date checked out | Checked out |
|---|---|---|---|---|---|---|---|---|---|---|---|---|---|---|---|---|---|
| Dewey Decimal Classification | Non-fiction | Central Library, University of Rajshahi | Central Library, University of Rajshahi | 03/01/1956 | Zetlinger | 30.00 | 160 STM 1961 | 10/04/2014 | C-8 | Books | |||||||
| Dewey Decimal Classification | Non-fiction | Central Library, University of Rajshahi | Central Library, University of Rajshahi | 06/12/1962 | sweets & zeithinger | 30.00 | 2 | 160 STM 1961 | 05/02/2017 | C-4 | Books | 17/01/2017 | |||||
| Dewey Decimal Classification | Non-fiction | Central Library, University of Rajshahi | Central Library, University of Rajshahi | 30/04/1964 | Zeitlinger | 30.00 | 160 STM 1961 | 21/04/2014 | C-9 | Books | |||||||
| Dewey Decimal Classification | Non-fiction | Central Library, University of Rajshahi | Central Library, University of Rajshahi | swits and zethinger | 30.00 | 160 STM 1961 | 22/04/2014 | C-5 | Books | ||||||||
| Dewey Decimal Classification | Non-fiction | Central Library, University of Rajshahi | Central Library, University of Rajshahi | 30/04/1964 | Zeitlinger | 30.00 | 3 | 160 STM 1961 | 26/04/2026 | C-3 | Books | 12/04/2026 | |||||
| Dewey Decimal Classification | Not For Loan | Non-fiction | Central Library, University of Rajshahi | Central Library, University of Rajshahi | 30/04/1964 | Zeitlinger | 30.00 | 3 | 160 STM 1961 | 04/02/2017 | C-1 | Books | 17/01/2017 | ||||
| Dewey Decimal Classification | Non-fiction | Central Library, University of Rajshahi | Central Library, University of Rajshahi | 30/04/1964 | Zeitlinger | 30.00 | 1 | 160 STM 1961 | 20/10/2016 | C-6 | Books | 06/10/2016 | |||||
| Dewey Decimal Classification | Non-fiction | Central Library, University of Rajshahi | Central Library, University of Rajshahi | 08/06/1955 | Pub.United Ltd. | 15.08 | 5 | 160 STM 1961 | 08/04/2026 | C-2 | Books | 08/04/2026 | 23/04/2026 |